<?xml version="1.0" encoding="UTF-8"?>
<record
    xmlns:xsi="http://www.w3.org/2001/XMLSchema-instance"
    xsi:schemaLocation="http://www.loc.gov/MARC21/slim http://www.loc.gov/standards/marcxml/schema/MARC21slim.xsd"
    xmlns="http://www.loc.gov/MARC21/slim">

  <leader>00471nam a2200193Ia 4500</leader>
  <controlfield tag="005">20230417140350.0</controlfield>
  <controlfield tag="008">230125s9999    xx            000 0 und d</controlfield>
  <datafield tag="020" ind1=" " ind2=" ">
    <subfield code="a">978-81-317-3403-2</subfield>
  </datafield>
  <datafield tag="041" ind1=" " ind2=" ">
    <subfield code="a">eng</subfield>
  </datafield>
  <datafield tag="082" ind1=" " ind2=" ">
    <subfield code="a">658.403</subfield>
    <subfield code="b">SHA</subfield>
  </datafield>
  <datafield tag="100" ind1=" " ind2=" ">
    <subfield code="a">Sharma J K</subfield>
    <subfield code="9">108162</subfield>
  </datafield>
  <datafield tag="245" ind1=" " ind2=" ">
    <subfield code="a">Business Statistics</subfield>
  </datafield>
  <datafield tag="260" ind1=" " ind2=" ">
    <subfield code="c">2011</subfield>
    <subfield code="b">Pearson Education</subfield>
    <subfield code="a">New Delhi</subfield>
  </datafield>
  <datafield tag="300" ind1=" " ind2=" ">
    <subfield code="a">585p</subfield>
  </datafield>
  <datafield tag="500" ind1=" " ind2=" ">
    <subfield code="a">Statistics</subfield>
  </datafield>
  <datafield tag="650" ind1=" " ind2=" ">
    <subfield code="a">Statistics</subfield>
  </datafield>
  <datafield tag="700" ind1=" " ind2=" ">
    <subfield code="a">Sharma J K</subfield>
    <subfield code="9">108162</subfield>
  </datafield>
  <datafield tag="942" ind1=" " ind2=" ">
    <subfield code="c">BK</subfield>
  </datafield>
  <datafield tag="999" ind1=" " ind2=" ">
    <subfield code="c">84981</subfield>
    <subfield code="d">84981</subfield>
  </datafield>
  <datafield tag="952" ind1=" " ind2=" ">
    <subfield code="0">0</subfield>
    <subfield code="1">0</subfield>
    <subfield code="4">0</subfield>
    <subfield code="7">0</subfield>
    <subfield code="a">HIMR</subfield>
    <subfield code="b">HIMR</subfield>
    <subfield code="d">2015-12-04</subfield>
    <subfield code="e">HNIMR Staff</subfield>
    <subfield code="g">1.00</subfield>
    <subfield code="l">0</subfield>
    <subfield code="o">658.403 SHA DB2324</subfield>
    <subfield code="p">HIMR-DB-2324</subfield>
    <subfield code="r">2023-01-25 00:00:00</subfield>
    <subfield code="v">1.00</subfield>
    <subfield code="w">2023-01-25</subfield>
    <subfield code="y">DB</subfield>
    <subfield code="z">DB2324</subfield>
  </datafield>
  <datafield tag="952" ind1=" " ind2=" ">
    <subfield code="0">0</subfield>
    <subfield code="1">0</subfield>
    <subfield code="4">0</subfield>
    <subfield code="7">0</subfield>
    <subfield code="a">HIMR</subfield>
    <subfield code="b">HIMR</subfield>
    <subfield code="d">2010-12-03</subfield>
    <subfield code="e">Forward Books</subfield>
    <subfield code="g">340.00</subfield>
    <subfield code="i">7211</subfield>
    <subfield code="l">0</subfield>
    <subfield code="o">658.403 SHA B09286</subfield>
    <subfield code="p">HIMR-BK-9286</subfield>
    <subfield code="r">2023-01-25 00:00:00</subfield>
    <subfield code="v">265.00</subfield>
    <subfield code="w">2010-11-22</subfield>
    <subfield code="y">BK</subfield>
    <subfield code="z">B09286</subfield>
  </datafield>
  <datafield tag="952" ind1=" " ind2=" ">
    <subfield code="0">0</subfield>
    <subfield code="1">0</subfield>
    <subfield code="4">0</subfield>
    <subfield code="7">0</subfield>
    <subfield code="a">HIMR</subfield>
    <subfield code="b">HIMR</subfield>
    <subfield code="d">2010-12-03</subfield>
    <subfield code="e">Forward Books</subfield>
    <subfield code="g">340.00</subfield>
    <subfield code="i">7211</subfield>
    <subfield code="l">0</subfield>
    <subfield code="o">658.403 SHA B09285</subfield>
    <subfield code="p">HIMR-BK-9285</subfield>
    <subfield code="r">2023-01-25 00:00:00</subfield>
    <subfield code="v">265.00</subfield>
    <subfield code="w">2010-11-22</subfield>
    <subfield code="y">BK</subfield>
    <subfield code="z">B09285</subfield>
  </datafield>
  <datafield tag="952" ind1=" " ind2=" ">
    <subfield code="0">0</subfield>
    <subfield code="1">0</subfield>
    <subfield code="4">0</subfield>
    <subfield code="7">0</subfield>
    <subfield code="a">HIMR</subfield>
    <subfield code="b">HIMR</subfield>
    <subfield code="d">2009-01-10</subfield>
    <subfield code="e">Bookland</subfield>
    <subfield code="g">399.00</subfield>
    <subfield code="i">7211</subfield>
    <subfield code="l">0</subfield>
    <subfield code="o">658.403 SHA B06995</subfield>
    <subfield code="p">HIMR-BK-6995</subfield>
    <subfield code="r">2023-01-25 00:00:00</subfield>
    <subfield code="v">319.00</subfield>
    <subfield code="w">2008-12-22</subfield>
    <subfield code="y">BK</subfield>
    <subfield code="z">B06995</subfield>
  </datafield>
  <datafield tag="952" ind1=" " ind2=" ">
    <subfield code="0">0</subfield>
    <subfield code="1">0</subfield>
    <subfield code="4">0</subfield>
    <subfield code="7">0</subfield>
    <subfield code="a">HIMR</subfield>
    <subfield code="b">HIMR</subfield>
    <subfield code="d">2011-07-21</subfield>
    <subfield code="e">Pritam Book Centre</subfield>
    <subfield code="g">475.00</subfield>
    <subfield code="i">7558</subfield>
    <subfield code="l">0</subfield>
    <subfield code="o">658.403 SHA B10552</subfield>
    <subfield code="p">HIMR-BK-10552</subfield>
    <subfield code="r">2023-01-25 00:00:00</subfield>
    <subfield code="v">356.00</subfield>
    <subfield code="w">2011-07-19</subfield>
    <subfield code="y">BK</subfield>
    <subfield code="z">B10552</subfield>
  </datafield>
</record>
